[Event "45th FIDE Chess Olympiad Open"]
[Site "Budapest, Hungary"]
[Date "2024.09.22"]
[Round "11"]
[White "Kulaots, Kaido"]
[Black "Kadric, Denis"]
[Result "1-0"]
[Board "97"]
[WhiteFideId "4500261"]
[BlackFideId "14403803"]
[WhiteTitle "GM"]
[BlackTitle "GM"]
[WhiteElo "2506"]
[BlackElo "2553"]
[WhiteTeam "Estonia"]
[BlackTeam "Montenegro"]
[WhiteClock "0:47:21"]
[BlackClock "0:41:59"]
[Variant "Standard"]

1. e4 {[%clk 1:30:56]}  e5 {[%clk 1:30:57]} 2. Nf3 {[%clk 1:31:22]}  Nf6 {[%clk 1:31:23]} 3. Nxe5 {[%clk 1:31:46]}  d6 {[%clk 1:31:51]} 4. Nf3 {[%clk 1:32:00]}  Nxe4 {[%clk 1:32:18]} 5. d4 {[%clk 1:32:25]}  d5 {[%clk 1:32:44]} 6. Bd3 {[%clk 1:32:50]}  Nc6 {[%clk 1:33:10]} 7. O-O {[%clk 1:33:14]}  Be7 {[%clk 1:33:38]} 8. Nbd2 {[%clk 1:30:26]}  Bf5 {[%clk 1:32:18]} 9. Re1 {[%clk 1:30:24]}  Nxd2 {[%clk 1:32:45]} 10. Qxd2 {[%clk 1:30:48]}  Bxd3 {[%clk 1:33:13]} 11. Qxd3 {[%clk 1:31:11]}  O-O {[%clk 1:33:40]} 12. c3 {[%clk 1:28:21]}  Qd7 {[%clk 1:34:04]} 13. Bf4 {[%clk 1:28:43]}  a6 {[%clk 1:34:30]} 14. Re2 {[%clk 1:27:12]}  Rae8 {[%clk 1:34:56]} 15. Rae1 {[%clk 1:27:33]}  Bd8 {[%clk 1:35:23]} 16. h4 {[%clk 1:26:37]}  f6 {[%clk 1:35:49]} 17. Nd2 {[%clk 1:24:19]}  Rxe2 {[%clk 1:36:11]} 18. Qxe2 {[%clk 1:23:54]}  a5 {[%clk 1:36:37]} 19. Nb3 {[%clk 1:22:41]}  b6 {[%clk 1:35:18]} 20. Na1 {[%clk 1:22:41]}  Rf7 {[%clk 1:35:30]} 21. Qb5 {[%clk 1:20:38]}  Be7 {[%clk 0:56:15]} 22. Nc2 {[%clk 1:18:09]}  Bd6 {[%clk 0:54:14]} 23. Bxd6 {[%clk 1:12:22]}  Qxd6 {[%clk 0:54:42]} 24. Ne3 {[%clk 0:53:36]}  Ne7 {[%clk 0:55:09]} 25. c4 {[%clk 0:52:40]}  dxc4 {[%clk 0:51:17]} 26. Nf5 {[%clk 0:49:06]}  Qd8 {[%clk 0:41:59]} 27. Rxe7 {[%clk 0:47:21]} 1-0

[Event "45th FIDE Chess Olympiad Open"]
[Site "Budapest, Hungary"]
[Date "2024.09.22"]
[Round "11"]
[White "Petrov, Nikita"]
[Black "Volodin, Aleksandr"]
[Result "1-0"]
[Board "98"]
[WhiteFideId "4101286"]
[BlackFideId "4501950"]
[WhiteTitle "GM"]
[BlackTitle "GM"]
[WhiteElo "2574"]
[BlackElo "2457"]
[WhiteTeam "Montenegro"]
[BlackTeam "Estonia"]
[WhiteClock "0:14:29"]
[BlackClock "0:27:16"]
[Variant "Standard"]

1. d4 {[%clk 1:30:57]}  d5 {[%clk 1:30:52]} 2. c4 {[%clk 1:30:54]}  e6 {[%clk 1:30:56]} 3. Nc3 {[%clk 1:30:23]}  Nf6 {[%clk 1:30:49]} 4. Bg5 {[%clk 1:30:31]}  c6 {[%clk 1:30:46]} 5. e3 {[%clk 1:29:44]}  Nbd7 {[%clk 1:31:06]} 6. Nf3 {[%clk 1:29:17]}  h6 {[%clk 1:31:31]} 7. Bh4 {[%clk 1:28:48]}  Be7 {[%clk 1:31:53]} 8. Bd3 {[%clk 1:28:11]}  dxc4 {[%clk 1:28:25]} 9. Bxc4 {[%clk 1:27:34]}  b5 {[%clk 1:28:49]} 10. Bd3 {[%clk 1:27:42]}  Bb7 {[%clk 1:29:12]} 11. O-O {[%clk 1:27:05]}  O-O {[%clk 1:29:37]} 12. Rc1 {[%clk 1:26:18]}  Rc8 {[%clk 1:28:46]} 13. a3 {[%clk 1:25:28]}  a5 {[%clk 1:22:46]} 14. Ne5 {[%clk 1:23:03]}  Nxe5 {[%clk 1:10:53]} 15. dxe5 {[%clk 1:23:27]}  Nd7 {[%clk 1:11:12]} 16. Bxe7 {[%clk 1:23:51]}  Qxe7 {[%clk 1:11:39]} 17. f4 {[%clk 1:24:13]}  f5 {[%clk 1:05:11]} 18. exf6 {[%clk 1:23:33]}  Nxf6 {[%clk 1:05:31]} 19. Ne4 {[%clk 1:04:49]}  c5 {[%clk 0:58:08]} 20. Nd6 {[%clk 0:54:32]}  Rcd8 {[%clk 0:57:14]} 21. Nxb7 {[%clk 0:53:56]}  Qxb7 {[%clk 0:56:54]} 22. Qb3 {[%clk 0:53:20]}  b4 {[%clk 0:43:47]} 23. Rxc5 {[%clk 0:37:12]}  Qb6 {[%clk 0:38:36]} 24. axb4 {[%clk 0:36:10]}  a4 {[%clk 0:37:27]} 25. Qc4 {[%clk 0:33:04]}  Nd7 {[%clk 0:32:33]} 26. Qb5 {[%clk 0:29:27]}  Qa7 {[%clk 0:32:49]} 27. Qa5 {[%clk 0:29:29]}  Qxa5 {[%clk 0:32:51]} 28. Rxa5 {[%clk 0:29:54]}  Nb6 {[%clk 0:33:18]} 29. Be2 {[%clk 0:25:58]}  Rd2 {[%clk 0:33:11]} 30. Bg4 {[%clk 0:26:08]}  Kf7 {[%clk 0:32:16]} 31. Rf2 {[%clk 0:23:16]}  Rd6 {[%clk 0:30:44]} 32. e4 {[%clk 0:16:16]}  Rc8 {[%clk 0:28:00]} 33. Rc5 {[%clk 0:14:26]}  Rd4 {[%clk 0:28:10]} 34. Rfc2 {[%clk 0:14:21]}  Re8 {[%clk 0:27:21]} 35. Rc7+ {[%clk 0:14:09]}  Re7 {[%clk 0:27:16]} 36. Bh5+ {[%clk 0:14:29]} 1-0

[Event "45th FIDE Chess Olympiad Open"]
[Site "Budapest, Hungary"]
[Date "2024.09.22"]
[Round "11"]
[White "Seeman, Tarvo"]
[Black "Djukic, Nikola"]
[Result "1/2-1/2"]
[Board "99"]
[WhiteFideId "4500547"]
[BlackFideId "922412"]
[WhiteTitle "IM"]
[BlackTitle "GM"]
[WhiteElo "2375"]
[BlackElo "2515"]
[WhiteTeam "Estonia"]
[BlackTeam "Montenegro"]
[WhiteClock "0:12:13"]
[BlackClock "0:10:52"]
[Variant "Standard"]

1. Nf3 {[%clk 1:30:58]}  Nf6 {[%clk 1:30:48]} 2. g3 {[%clk 1:31:23]}  g6 {[%clk 1:31:08]} 3. Bg2 {[%clk 1:31:49]}  Bg7 {[%clk 1:31:33]} 4. O-O {[%clk 1:32:12]}  c5 {[%clk 1:31:44]} 5. c4 {[%clk 1:30:11]}  O-O {[%clk 1:29:40]} 6. Nc3 {[%clk 1:28:37]}  d5 {[%clk 1:30:03]} 7. cxd5 {[%clk 1:28:56]}  Nxd5 {[%clk 1:30:27]} 8. Nxd5 {[%clk 1:28:45]}  Qxd5 {[%clk 1:30:51]} 9. d4 {[%clk 1:28:39]}  cxd4 {[%clk 1:30:22]} 10. Be3 {[%clk 1:29:05]}  Nc6 {[%clk 1:23:33]} 11. Nxd4 {[%clk 1:29:01]}  Qc4 {[%clk 1:23:53]} 12. Nxc6 {[%clk 1:06:12]}  bxc6 {[%clk 1:24:10]} 13. Qd2 {[%clk 0:41:31]}  Bg4 {[%clk 1:10:32]} 14. Rfc1 {[%clk 0:40:16]}  Qxe2 {[%clk 1:10:03]} 15. Qxe2 {[%clk 0:40:38]}  Bxe2 {[%clk 1:10:28]} 16. Rxc6 {[%clk 0:40:42]}  Rab8 {[%clk 1:07:39]} 17. Rc2 {[%clk 0:38:17]}  Rxb2 {[%clk 1:04:31]} 18. Rxb2 {[%clk 0:38:07]}  Bxb2 {[%clk 1:04:55]} 19. Rb1 {[%clk 0:38:30]}  Ba3 {[%clk 1:05:07]} 20. Rb3 {[%clk 0:34:37]}  Rd8 {[%clk 1:01:39]} 21. h4 {[%clk 0:34:54]}  Rd1+ {[%clk 0:59:40]} 22. Kh2 {[%clk 0:35:20]}  Bd6 {[%clk 0:59:51]} 23. Bxa7 {[%clk 0:27:39]}  Bc4 {[%clk 0:56:22]} 24. Rb2 {[%clk 0:25:34]}  Ra1 {[%clk 0:56:34]} 25. Rc2 {[%clk 0:24:59]}  Rxa2 {[%clk 0:56:12]} 26. Rxc4 {[%clk 0:24:44]}  Rxa7 {[%clk 0:56:33]} 27. Rc2 {[%clk 0:25:06]}  Kg7 {[%clk 0:55:09]} 28. Bf3 {[%clk 0:24:27]}  f5 {[%clk 0:52:04]} 29. Kg2 {[%clk 0:24:11]}  Kf6 {[%clk 0:50:07]} 30. Be2 {[%clk 0:22:57]}  Ra3 {[%clk 0:45:11]} 31. Rd2 {[%clk 0:20:59]}  Rc3 {[%clk 0:45:15]} 32. Bd1 {[%clk 0:20:59]}  Rc1 {[%clk 0:41:36]} 33. Bb3 {[%clk 0:19:53]}  Rb1 {[%clk 0:36:29]} 34. Ba2 {[%clk 0:20:08]}  Rb6 {[%clk 0:36:43]} 35. Bc4 {[%clk 0:20:01]}  Rb4 {[%clk 0:35:20]} 36. Be2 {[%clk 0:18:54]}  h6 {[%clk 0:33:31]} 37. Rc2 {[%clk 0:16:21]}  e5 {[%clk 0:33:33]} 38. Rc6 {[%clk 0:15:25]}  Ke7 {[%clk 0:33:55]} 39. Rc2 {[%clk 0:15:48]}  e4 {[%clk 0:30:07]} 40. Bf1 {[%clk 0:14:54]}  Kf6 {[%clk 0:27:20]} 41. Be2 {[%clk 0:14:10]}  Ke5 {[%clk 0:25:02]} 42. Ra2 {[%clk 0:12:47]}  Bc5 {[%clk 0:23:54]} 43. Rc2 {[%clk 0:11:31]}  Kd4 {[%clk 0:22:02]} 44. Rd2+ {[%clk 0:11:43]}  Kc3 {[%clk 0:20:06]} 45. Rd5 {[%clk 0:10:35]}  Bd4 {[%clk 0:19:39]} 46. h5 {[%clk 0:10:06]}  Kd2 {[%clk 0:15:25]} 47. Bb5 {[%clk 0:28:22]}  g5 {[%clk 0:37:16]} 48. Rxf5 {[%clk 0:28:11]}  Rb2 {[%clk 0:37:30]} 49. Bc6 {[%clk 0:23:02]}  Kd3 {[%clk 0:36:14]} 50. Kf1 {[%clk 0:21:41]}  e3 {[%clk 0:33:14]} 51. fxe3 {[%clk 0:21:43]}  Bxe3 {[%clk 0:33:00]} 52. g4 {[%clk 0:21:31]}  Rb4 {[%clk 0:29:14]} 53. Rd5+ {[%clk 0:15:01]}  Bd4 {[%clk 0:18:21]} 54. Rb5 {[%clk 0:14:52]}  Rc4 {[%clk 0:18:25]} 55. Bd7 {[%clk 0:12:19]}  Rc1+ {[%clk 0:14:40]} 56. Kg2 {[%clk 0:12:47]}  Ke4 {[%clk 0:13:59]} 57. Bf5+ {[%clk 0:11:01]}  Kf4 {[%clk 0:14:21]} 58. Rb1 {[%clk 0:11:24]}  Rxb1 {[%clk 0:10:25]} 59. Bxb1 {[%clk 0:11:49]}  Kxg4 {[%clk 0:10:52]} 60. Bg6 {[%clk 0:12:13]} 1/2-1/2

[Event "45th FIDE Chess Olympiad Open"]
[Site "Budapest, Hungary"]
[Date "2024.09.22"]
[Round "11"]
[White "Draskovic, Luka"]
[Black "Kanep, Meelis"]
[Result "1/2-1/2"]
[Board "100"]
[WhiteFideId "944335"]
[BlackFideId "4501047"]
[WhiteTitle "GM"]
[BlackTitle "GM"]
[WhiteElo "2497"]
[BlackElo "2367"]
[WhiteTeam "Montenegro"]
[BlackTeam "Estonia"]
[WhiteClock "0:31:40"]
[BlackClock "0:19:59"]
[Variant "Standard"]

1. e4 {[%clk 1:30:57]}  c5 {[%clk 1:27:50]} 2. Nf3 {[%clk 1:31:09]}  d6 {[%clk 1:27:59]} 3. Bb5+ {[%clk 1:30:24]}  Nd7 {[%clk 1:28:17]} 4. O-O {[%clk 1:30:10]}  a6 {[%clk 1:27:23]} 5. Be2 {[%clk 1:30:31]}  Ngf6 {[%clk 1:27:32]} 6. d3 {[%clk 1:30:49]}  e6 {[%clk 1:21:35]} 7. a4 {[%clk 1:30:45]}  b6 {[%clk 1:20:02]} 8. Nfd2 {[%clk 1:30:16]}  Be7 {[%clk 1:04:21]} 9. f4 {[%clk 1:29:38]}  Bb7 {[%clk 1:04:22]} 10. Bf3 {[%clk 1:28:35]}  Qc7 {[%clk 1:03:35]} 11. Nc3 {[%clk 1:27:17]}  h5 {[%clk 0:46:43]} 12. Nc4 {[%clk 1:17:29]}  e5 {[%clk 0:23:47]} 13. fxe5 {[%clk 1:07:56]}  Nxe5 {[%clk 0:23:46]} 14. Bg5 {[%clk 0:53:25]}  Nxc4 {[%clk 0:23:48]} 15. dxc4 {[%clk 0:50:38]}  h4 {[%clk 0:22:22]} 16. e5 {[%clk 0:44:26]}  dxe5 {[%clk 0:22:46]} 17. Bxb7 {[%clk 0:44:24]}  Qxb7 {[%clk 0:23:11]} 18. Bxf6 {[%clk 0:44:49]}  Bxf6 {[%clk 0:21:02]} 19. Nd5 {[%clk 0:32:31]}  Bd8 {[%clk 0:21:03]} 20. Qf3 {[%clk 0:31:47]}  Ra7 {[%clk 0:20:48]} 21. Rae1 {[%clk 0:31:46]}  Qb8 {[%clk 0:16:20]} 22. Qf5 {[%clk 0:29:59]}  O-O {[%clk 0:16:46]} 23. Rxe5 {[%clk 0:28:30]}  b5 {[%clk 0:16:01]} 24. b3 {[%clk 0:17:38]}  bxc4 {[%clk 0:16:01]} 25. bxc4 {[%clk 0:18:06]}  Rb7 {[%clk 0:15:06]} 26. c3 {[%clk 0:18:28]}  g6 {[%clk 0:12:27]} 27. Qe4 {[%clk 0:17:04]}  f5 {[%clk 0:12:37]} 28. Qe1 {[%clk 0:16:01]}  Rb1 {[%clk 0:09:33]} 29. Qxb1 {[%clk 0:14:25]}  Qxe5 {[%clk 0:10:01]} 30. Re1 {[%clk 0:14:44]}  Qd6 {[%clk 0:10:13]} 31. Qb7 {[%clk 0:13:31]}  Bg5 {[%clk 0:05:53]} 32. Qb2 {[%clk 0:10:45]}  Qc6 {[%clk 0:04:44]} 33. Qc2 {[%clk 0:09:40]}  Re8 {[%clk 0:04:57]} 34. Rxe8+ {[%clk 0:06:47]}  Qxe8 {[%clk 0:05:25]} 35. Kf2 {[%clk 0:07:02]}  a5 {[%clk 0:04:29]} 36. Qb3 {[%clk 0:04:28]}  Qe4 {[%clk 0:01:45]} 37. Qb8+ {[%clk 0:02:35]}  Kg7 {[%clk 0:01:41]} 38. Qc7+ {[%clk 0:02:58]}  Kh6 {[%clk 0:01:51]} 39. Qxc5 {[%clk 0:03:12]}  Qc2+ {[%clk 0:02:01]} 40. Kf1 {[%clk 0:02:23]}  Qd1+ {[%clk 0:02:13]} 41. Kf2 {[%clk 0:02:52]}  Qc2+ {[%clk 0:00:44]} 42. Kf1 {[%clk 0:03:15]}  Qd1+ {[%clk 0:27:54]} 43. Kf2 {[%clk 0:30:56]}  Qd2+ {[%clk 0:20:59]} 44. Kf1 {[%clk 0:31:19]}  Qd3+ {[%clk 0:20:08]} 45. Kf2 {[%clk 0:31:40]}  Qc2+ {[%clk 0:19:59]} 1/2-1/2

[Event "45th FIDE Chess Olympiad Open"]
[Site "Budapest, Hungary"]
[Date "2024.09.22"]
[Round "11"]
[White "Meier, Georg"]
[Black "Bogner, Sebastian"]
[Result "1/2-1/2"]
[Board "101"]
[WhiteFideId "4675789"]
[BlackFideId "4692055"]
[WhiteTitle "GM"]
[BlackTitle "GM"]
[WhiteElo "2591"]
[BlackElo "2545"]
[WhiteTeam "Uruguay"]
[BlackTeam "Switzerland"]
[WhiteClock "1:12:23"]
[BlackClock "1:33:40"]
[Variant "Standard"]

1. Nf3 {[%clk 1:30:56]}  d5 {[%clk 1:30:54]} 2. g3 {[%clk 1:31:22]}  Nf6 {[%clk 1:31:18]} 3. Bg2 {[%clk 1:31:47]}  e6 {[%clk 1:31:44]} 4. O-O {[%clk 1:31:16]}  Be7 {[%clk 1:32:09]} 5. d4 {[%clk 1:30:21]}  O-O {[%clk 1:32:25]} 6. c4 {[%clk 1:30:44]}  dxc4 {[%clk 1:32:44]} 7. Qc2 {[%clk 1:30:59]}  a6 {[%clk 1:33:05]} 8. a4 {[%clk 1:31:16]}  Nc6 {[%clk 1:33:11]} 9. Qxc4 {[%clk 1:27:56]}  Na5 {[%clk 1:33:34]} 10. Qc2 {[%clk 1:27:19]}  Nc6 {[%clk 1:34:00]} 11. Qc4 {[%clk 1:20:56]}  Na5 {[%clk 1:33:14]} 12. Qc2 {[%clk 1:21:24]}  Nc6 {[%clk 1:33:40]} 13. Qc4 {[%clk 1:12:23]}  Na5 {[%clk 1:33:40]} 1/2-1/2

[Event "45th FIDE Chess Olympiad Open"]
[Site "Budapest, Hungary"]
[Date "2024.09.22"]
[Round "11"]
[White "Pelletier, Yannick"]
[Black "Rodriguez Vila, Andres"]
[Result "1/2-1/2"]
[Board "102"]
[WhiteFideId "1301837"]
[BlackFideId "3000010"]
[WhiteTitle "GM"]
[BlackTitle "GM"]
[WhiteElo "2526"]
[BlackElo "2417"]
[WhiteTeam "Switzerland"]
[BlackTeam "Uruguay"]
[WhiteClock "0:19:48"]
[BlackClock "0:29:34"]
[Variant "Standard"]

1. d4 {[%clk 1:30:53]}  f5 {[%clk 1:29:10]} 2. g3 {[%clk 1:30:27]}  Nf6 {[%clk 1:29:34]} 3. Bg2 {[%clk 1:30:53]}  d6 {[%clk 1:29:56]} 4. Nf3 {[%clk 1:30:43]}  g6 {[%clk 1:30:21]} 5. O-O {[%clk 1:30:51]}  Bg7 {[%clk 1:30:48]} 6. c4 {[%clk 1:31:13]}  O-O {[%clk 1:31:13]} 7. Nc3 {[%clk 1:31:33]}  c6 {[%clk 1:31:40]} 8. d5 {[%clk 1:31:33]}  e5 {[%clk 1:31:58]} 9. dxe6 {[%clk 1:31:42]}  Bxe6 {[%clk 1:32:23]} 10. b3 {[%clk 1:31:35]}  Na6 {[%clk 1:31:21]} 11. Ng5 {[%clk 1:27:29]}  Bc8 {[%clk 1:29:15]} 12. Qc2 {[%clk 1:07:42]}  Nc5 {[%clk 1:25:13]} 13. Bb2 {[%clk 1:05:00]}  a5 {[%clk 1:21:05]} 14. Rad1 {[%clk 1:05:25]}  Qe7 {[%clk 1:21:05]} 15. Rfe1 {[%clk 0:52:02]}  Ng4 {[%clk 1:18:43]} 16. Nh3 {[%clk 0:42:40]}  f4 {[%clk 1:12:56]} 17. Qd2 {[%clk 0:37:35]}  Be5 {[%clk 1:03:56]} 18. gxf4 {[%clk 0:37:55]}  Rxf4 {[%clk 0:57:41]} 19. Nxf4 {[%clk 0:29:18]}  Qh4 {[%clk 0:58:07]} 20. Nh3 {[%clk 0:26:24]}  Bxh2+ {[%clk 0:58:29]} 21. Kf1 {[%clk 0:26:36]}  Be6 {[%clk 0:58:54]} 22. e3 {[%clk 0:21:27]}  Rf8 {[%clk 0:57:31]} 23. f4 {[%clk 0:21:37]}  Bg3 {[%clk 0:56:36]} 24. Kg1 {[%clk 0:18:55]}  Bh2+ {[%clk 0:35:00]} 25. Kh1 {[%clk 0:19:06]}  Bg3 {[%clk 0:35:25]} 26. Kg1 {[%clk 0:19:22]}  Bh2+ {[%clk 0:29:08]} 27. Kh1 {[%clk 0:19:48]}  Bg3 {[%clk 0:29:34]} 1/2-1/2

[Event "45th FIDE Chess Olympiad Open"]
[Site "Budapest, Hungary"]
[Date "2024.09.22"]
[Round "11"]
[White "Vazquez, Facundo"]
[Black "Peng, Li Min"]
[Result "1-0"]
[Board "103"]
[WhiteFideId "3007669"]
[BlackFideId "14112620"]
[WhiteTitle "FM"]
[BlackTitle "GM"]
[WhiteElo "2388"]
[BlackElo "2514"]
[WhiteTeam "Uruguay"]
[BlackTeam "Switzerland"]
[WhiteClock "0:04:03"]
[BlackClock "0:02:21"]
[Variant "Standard"]

1. d4 {[%clk 1:30:58]}  d5 {[%clk 1:30:55]} 2. c4 {[%clk 1:31:17]}  e6 {[%clk 1:31:20]} 3. Nc3 {[%clk 1:31:39]}  c6 {[%clk 1:31:43]} 4. Nf3 {[%clk 1:30:50]}  dxc4 {[%clk 1:32:04]} 5. a4 {[%clk 1:29:20]}  Bb4 {[%clk 1:32:26]} 6. e3 {[%clk 1:26:21]}  b5 {[%clk 1:32:51]} 7. Bd2 {[%clk 1:26:29]}  a5 {[%clk 1:33:14]} 8. axb5 {[%clk 1:24:31]}  Bxc3 {[%clk 1:33:38]} 9. Bxc3 {[%clk 1:24:14]}  cxb5 {[%clk 1:34:03]} 10. b3 {[%clk 1:21:57]}  Bb7 {[%clk 1:30:26]} 11. bxc4 {[%clk 1:22:18]}  b4 {[%clk 1:30:54]} 12. Bb2 {[%clk 1:19:11]}  Nf6 {[%clk 1:31:14]} 13. Bd3 {[%clk 1:17:16]}  Nbd7 {[%clk 1:30:57]} 14. Qc2 {[%clk 1:12:39]}  O-O {[%clk 1:12:41]} 15. O-O {[%clk 0:56:25]}  Qc7 {[%clk 0:55:36]} 16. Rfd1 {[%clk 0:47:31]}  Rfd8 {[%clk 0:50:48]} 17. c5 {[%clk 0:38:07]}  Qc6 {[%clk 0:48:58]} 18. Ra4 {[%clk 0:34:00]}  Qc7 {[%clk 0:44:24]} 19. Bb5 {[%clk 0:31:41]}  Be4 {[%clk 0:43:15]} 20. Qe2 {[%clk 0:31:51]}  Rdb8 {[%clk 0:30:14]} 21. Raa1 {[%clk 0:29:34]}  Bc6 {[%clk 0:28:19]} 22. Ba4 {[%clk 0:29:16]}  Rd8 {[%clk 0:23:47]} 23. Nd2 {[%clk 0:27:36]}  Nb8 {[%clk 0:24:13]} 24. Nc4 {[%clk 0:26:35]}  Ra7 {[%clk 0:24:42]} 25. Nd6 {[%clk 0:24:04]}  Qd7 {[%clk 0:24:06]} 26. Bxc6 {[%clk 0:22:19]}  Nxc6 {[%clk 0:24:31]} 27. e4 {[%clk 0:22:27]}  Ne7 {[%clk 0:06:29]} 28. d5 {[%clk 0:20:03]}  Ne8 {[%clk 0:06:50]} 29. Nb5 {[%clk 0:18:14]}  Raa8 {[%clk 0:07:11]} 30. c6 {[%clk 0:16:57]}  Qc8 {[%clk 0:07:40]} 31. Qc4 {[%clk 0:15:48]}  exd5 {[%clk 0:04:06]} 32. exd5 {[%clk 0:16:09]}  Nf5 {[%clk 0:04:10]} 33. Qc5 {[%clk 0:11:26]}  Nfd6 {[%clk 0:03:59]} 34. Nxd6 {[%clk 0:10:27]}  Nxd6 {[%clk 0:04:26]} 35. Rxa5 {[%clk 0:10:18]}  Rxa5 {[%clk 0:04:51]} 36. Qxa5 {[%clk 0:10:42]}  Nc4 {[%clk 0:05:19]} 37. Qxb4 {[%clk 0:09:23]}  Nxb2 {[%clk 0:05:46]} 38. Qxb2 {[%clk 0:08:59]}  Qxc6 {[%clk 0:06:05]} 39. d6 {[%clk 0:09:02]}  h6 {[%clk 0:02:22]} 40. Qd4 {[%clk 0:08:48]}  Rd7 {[%clk 0:01:10]} 41. h4 {[%clk 0:07:28]}  f6 {[%clk 0:22:07]} 42. h5 {[%clk 0:30:31]}  Kf7 {[%clk 0:22:04]} 43. Rd3 {[%clk 0:29:42]}  Qc1+ {[%clk 0:20:04]} 44. Kh2 {[%clk 0:29:58]}  Qc6 {[%clk 0:20:30]} 45. Qb4 {[%clk 0:28:15]}  Rb7 {[%clk 0:17:36]} 46. Qd2 {[%clk 0:23:28]}  Rd7 {[%clk 0:15:46]} 47. Qa2+ {[%clk 0:23:46]}  Kf8 {[%clk 0:16:14]} 48. Qe6 {[%clk 0:21:19]}  Qc8 {[%clk 0:12:36]} 49. Kg3 {[%clk 0:15:56]}  Qe8 {[%clk 0:12:52]} 50. Qxe8+ {[%clk 0:15:00]}  Kxe8 {[%clk 0:13:19]} 51. Kg4 {[%clk 0:14:58]}  Rb7 {[%clk 0:12:46]} 52. Rc3 {[%clk 0:14:20]}  Rb2 {[%clk 0:10:46]} 53. Kf3 {[%clk 0:09:09]}  Rb5 {[%clk 0:05:06]} 54. Rc7 {[%clk 0:06:33]}  Rf5+ {[%clk 0:03:43]} 55. Ke4 {[%clk 0:06:43]}  Rg5 {[%clk 0:02:03]} 56. g3 {[%clk 0:06:55]}  Kd8 {[%clk 0:02:32]} 57. Kf4 {[%clk 0:06:21]}  Ke8 {[%clk 0:02:51]} 58. g4 {[%clk 0:05:57]}  Kd8 {[%clk 0:03:21]} 59. Re7 {[%clk 0:05:12]}  Kc8 {[%clk 0:03:40]} 60. Rf7 {[%clk 0:05:33]}  Kd8 {[%clk 0:04:04]} 61. Kg3 {[%clk 0:04:48]}  Ke8 {[%clk 0:04:32]} 62. d7+ {[%clk 0:04:50]}  Kd8 {[%clk 0:01:51]} 63. f4 {[%clk 0:05:19]}  Rd5 {[%clk 0:02:20]} 64. Rxg7 {[%clk 0:05:28]}  Rxd7 {[%clk 0:02:49]} 65. Rg6 {[%clk 0:03:22]}  Rd3+ {[%clk 0:03:14]} 66. Kh4 {[%clk 0:03:44]}  Ke7 {[%clk 0:03:37]} 67. Rxh6 {[%clk 0:04:08]}  Rf3 {[%clk 0:04:02]} 68. Rh7+ {[%clk 0:03:28]}  Kf8 {[%clk 0:02:52]} 69. h6 {[%clk 0:02:27]}  Rxf4 {[%clk 0:02:52]} 70. Kh5 {[%clk 0:02:52]}  Kg8 {[%clk 0:03:16]} 71. Rg7+ {[%clk 0:02:53]}  Kh8 {[%clk 0:03:44]} 72. Rf7 {[%clk 0:02:56]}  Ra4 {[%clk 0:01:14]} 73. Rxf6 {[%clk 0:03:16]}  Ra8 {[%clk 0:01:01]} 74. g5 {[%clk 0:03:29]}  Rb8 {[%clk 0:01:28]} 75. Rf5 {[%clk 0:03:42]}  Ra8 {[%clk 0:01:56]} 76. g6 {[%clk 0:03:58]}  Kg8 {[%clk 0:02:21]} 77. h7+ {[%clk 0:04:03]} 1-0

[Event "45th FIDE Chess Olympiad Open"]
[Site "Budapest, Hungary"]
[Date "2024.09.22"]
[Round "11"]
[White "Georgiadis, Nico"]
[Black "Roselli Mailhe, Bernardo"]
[Result "1-0"]
[Board "104"]
[WhiteFideId "1300113"]
[BlackFideId "3000028"]
[WhiteTitle "GM"]
[BlackTitle "IM"]
[WhiteElo "2510"]
[BlackElo "2362"]
[WhiteTeam "Switzerland"]
[BlackTeam "Uruguay"]
[WhiteClock "0:07:25"]
[BlackClock "0:17:26"]
[Variant "Standard"]

1. d4 {[%clk 1:30:56]}  Nf6 {[%clk 1:30:34]} 2. c4 {[%clk 1:31:19]}  e6 {[%clk 1:30:59]} 3. Nf3 {[%clk 1:31:43]}  Bb4+ {[%clk 1:31:23]} 4. Bd2 {[%clk 1:32:07]}  a5 {[%clk 1:31:04]} 5. g3 {[%clk 1:31:54]}  d6 {[%clk 1:31:23]} 6. Bg2 {[%clk 1:32:14]}  Nbd7 {[%clk 1:31:47]} 7. Qc2 {[%clk 1:31:30]}  e5 {[%clk 1:30:58]} 8. Nc3 {[%clk 1:31:41]}  exd4 {[%clk 1:26:00]} 9. Nxd4 {[%clk 1:32:03]}  O-O {[%clk 1:26:18]} 10. O-O {[%clk 1:30:49]}  c6 {[%clk 1:23:15]} 11. Rad1 {[%clk 1:28:25]}  Nb6 {[%clk 1:16:46]} 12. a3 {[%clk 1:08:14]}  Bc5 {[%clk 1:10:27]} 13. Nb3 {[%clk 1:07:50]}  Qe7 {[%clk 1:02:49]} 14. Nxc5 {[%clk 1:00:59]}  dxc5 {[%clk 1:03:13]} 15. b3 {[%clk 1:00:45]}  a4 {[%clk 0:58:35]} 16. Bf4 {[%clk 0:59:43]}  Re8 {[%clk 0:55:58]} 17. e4 {[%clk 0:39:47]}  axb3 {[%clk 0:51:00]} 18. Qxb3 {[%clk 0:40:12]}  Nfd7 {[%clk 0:51:02]} 19. Rfe1 {[%clk 0:37:01]}  f6 {[%clk 0:45:45]} 20. Bf1 {[%clk 0:28:32]}  Ra6 {[%clk 0:45:22]} 21. Bd6 {[%clk 0:27:55]}  Qf7 {[%clk 0:40:26]} 22. f4 {[%clk 0:27:16]}  Kh8 {[%clk 0:32:21]} 23. e5 {[%clk 0:25:40]}  f5 {[%clk 0:28:36]} 24. Re3 {[%clk 0:22:40]}  h6 {[%clk 0:26:45]} 25. Rde1 {[%clk 0:20:21]}  Qe6 {[%clk 0:25:06]} 26. Bd3 {[%clk 0:19:13]}  Qg6 {[%clk 0:21:19]} 27. Qb1 {[%clk 0:13:19]}  Nf8 {[%clk 0:20:37]} 28. Bxc5 {[%clk 0:12:56]}  Na8 {[%clk 0:19:47]} 29. Bd6 {[%clk 0:09:56]}  Qf7 {[%clk 0:18:28]} 30. Ne2 {[%clk 0:07:56]}  Ne6 {[%clk 0:16:14]} 31. Bxf5 {[%clk 0:06:39]}  Nxf4 {[%clk 0:16:38]} 32. Bxc8 {[%clk 0:06:57]}  Nxe2+ {[%clk 0:17:01]} 33. R1xe2 {[%clk 0:07:03]}  Rxc8 {[%clk 0:17:26]} 34. e6 {[%clk 0:07:25]} 1-0